Сфера обращения предметов личного потребления. Формы развития. Механизм управления

Détails bibliographiques
Auteur principal: Самсонов Л. А. Лев Абрамович
Langue:russe
Publié: Москва, Экономика, 1986
Sujets:
Format: Livre
KOHA link:https://koha.lib.tpu.ru/cgi-bin/koha/opac-detail.pl?biblionumber=277763

MARC

LEADER 00000nam0a2200000 4500
001 277763
005 20231101235039.0
020 |a RU  |b 86-26976 
035 |a (RuTPU)RU\TPU\book\301040 
090 |a 277763 
100 |a 20141205d1986 k y0rusy5003 ca 
101 0 |a rus 
102 |a RU 
105 |a y z 001zy 
200 1 |a Сфера обращения предметов личного потребления. Формы развития. Механизм управления  |f Л. А. Самсонов 
210 |a Москва  |c Экономика  |d 1986 
215 |a 177 с. 
320 |a Библиогр.: с. 174-176 
606 1 |a Социальная сфера  |2 stltpush  |3 (RuTPU)RU\TPU\subj\36959  |9 58150 
606 1 |a Товарооборот  |2 stltpush  |3 (RuTPU)RU\TPU\subj\37064  |9 58219 
610 1 |a СССР 
610 1 |a формы 
610 1 |a развитие 
610 1 |a предметы потребления 
610 1 |a управление 
610 1 |a специализация 
610 1 |a кооперирование 
610 1 |a интеграция 
686 |a У9(2)42  |v LBC/SL-A  |2 rubbk 
686 |a У011.773  |v LBC/SL-A  |2 rubbk 
700 1 |a Самсонов  |b Л. А.  |g Лев Абрамович  |4 070 
801 0 |a RU  |b RuMRKP  |c 19950704  |g psbo 
801 1 |a RU  |b 63413507  |c 20141205 
801 2 |a RU  |b 63413507  |c 20170407  |g RCR 
942 |c BK